[Одиссея] / (Record no. 311931)
[ view plain ]
| 000 -LEADER | |
|---|---|
| fixed length control field | 00864nam a2200265 a 4500 |
| 001 - CONTROL NUMBER | |
| control field | 000893878 |
| 003 - CONTROL NUMBER IDENTIFIER | |
| control field | AM-YeHGA |
| 005 - DATE AND TIME OF LATEST TRANSACTION | |
| control field | 20250617145433.0 |
| 008 - FIXED-LENGTH DATA ELEMENTS--GENERAL INFORMATION | |
| fixed length control field | 120524s ru r 000 0 rus d |
| 040 ## - CATALOGING SOURCE | |
| Original cataloging agency | AM-YeHGA |
| 041 1# - LANGUAGE CODE | |
| Language code of text/sound track or separate title | rus |
| 090 ## - LOCALLY ASSIGNED LC-TYPE CALL NUMBER (OCLC); LOCAL CALL NUMBER (RLIN) | |
| -- | 313649 |
| 100 1# - MAIN ENTRY--PERSONAL NAME | |
| Personal name | Гомер |
| 245 10 - TITLE STATEMENT | |
| Title | [Одиссея] / |
| Statement of responsibility, etc. | [Пер. В. Жуковскoго]. |
| 246 18 - VARYING FORM OF TITLE | |
| Title proper/short title | Одиссея |
| 260 ## - PUBLICATION, DISTRIBUTION, ETC. | |
| Place of publication, distribution, etc. | Б. м. : |
| Name of publisher, distributor, etc. | Б. и., |
| Date of publication, distribution, etc. | Б. г. |
| 300 ## - PHYSICAL DESCRIPTION | |
| Extent | т. |
| 500 ## - GENERAL NOTE | |
| General note | Тит. л. отсутствует |
| -- | FSL |
| 505 1# - FORMATTED CONTENTS NOTE | |
| Miscellaneous information | Т. 1-2 ( 431 с.) |
| 600 04 - SUBJECT ADDED ENTRY--PERSONAL NAME | |
| Personal name | Гомер. |
| Title of a work | Одиссея |
| 650 14 - SUBJECT ADDED ENTRY--TOPICAL TERM | |
| Topical term or geographic name entry element | Античная литература |
| Geographic subdivision | Греция |
| 650 14 - SUBJECT ADDED ENTRY--TOPICAL TERM | |
| Topical term or geographic name entry element | Греческая литература |
| General subdivision | Эпос |
| 653 0# - INDEX TERM--UNCONTROLLED | |
| Uncontrolled term | Эпос древнегреческий |
| 700 1# - ADDED ENTRY--PERSONAL NAME | |
| Personal name | Жуковский, Василий Андреевич |
| Dates associated with a name | 1783-1852 |
| Relator term | пер. |
| Relationship | trl |
| Withdrawn status | Lost status | Source of classification or shelving scheme | Damaged status | Not for loan | Collection | Home library | Current library | Date acquired | Serial enumeration / chronology | Total checkouts | Full call number | Barcode | Date last seen | Price effective from | Koha item type | Public note |
|---|---|---|---|---|---|---|---|---|---|---|---|---|---|---|---|---|
| Universal Decimal Classification | Hambardzumyan Individual Collection | Fundamental Scientific Library | Fundamental Scientific Library | 09/01/2017 | Т. 1-2 | Amb/775 | FL0230142 | 09/01/2017 | 09/01/2017 | Գրքեր / Books | ILL Non-Circ. |
ՀՀ Գիտությունների ազգային ակադեմիայի հիմնարար գիտական գրադարան = Fundamental Scientific Library of NAS RA
All site content, except where otherwise noted, is licensed under a